Statistics for Flags of States With a Population over 5 million

Click here to take the quiz!

General Stats

  • This quiz has been taken 10 times
  • The average score is 17 of 23

Answer Stats

Answer% Correct
California
100%
Florida
100%
Texas
100%
Illinois
90%
New York
90%
Ohio
90%
Pennsylvania
90%
Arizona
80%
Colorado
80%
Maryland
80%
Michigan
80%
North Carolina
80%
South Carolina
80%
Washington
80%
Massachusetts
70%
New Jersey
70%
Tennessee
70%
Virginia
70%
Georgia
60%
Indiana
50%
Missouri
50%
Wisconsin
50%
Minnesota
30%

Score Distribution

Percentile by Number Answered

Percent of People with Each Score

Your Score History

You have not taken this quiz